| 000 | 00977nam a2200265 i 4500 | ||
|---|---|---|---|
| 001 | 40939 | ||
| 003 | ES-MaACL | ||
| 005 | 20260429201017.0 | ||
| 007 | t| | ||
| 008 | 030307s1959 sp ||||1| spa d | ||
| 100 |
_aBeaumarchais, Pierre Augustin Caron de, _d1732-1799 _9239070 |
||
| 245 | 1 | 0 |
_aTeatro selecto _b: (trilogía figueriana) / _cP.A. Caron de Beaumarchais ; traducción del francés por Pilar G. Moreno ; con unas notas prologales de Emiliano M. Aguilera. |
| 260 |
_a[Barcelona : _bIberia, _c1959] ( _fGráf. Diamante) |
||
| 300 |
_aXII, 283 p. ; _c19 cm. |
||
| 490 | 1 | _aObras maestras | |
| 505 | 0 | _aEl barbero de Sevilla ; El casamiento de Fígaro ; La madre culpable | |
| 700 | 1 |
_aMoreno, Pilar G. _983310 |
|
| 700 | 1 |
_aAguilera, Emiliano M. _918758 |
|
| 740 | 3 | 2 | _aEl barbero de Sevilla. |
| 740 | 3 | 2 | _aEl casamiento de Fígaro. |
| 740 | 3 | 2 | _aLa madre culpable. |
| 830 | 1 |
_aObras maestras _9181001 |
|
| 852 |
_aES-MaACL _jC-17036 |
||
| 999 |
_c40939 _d40939 |
||